000 00248nam a2200097Ia 4500
008 241105s9999 xx 000 0 und d
041 _aeng
100 _aJain Sneha
245 _aResidential School In Latur
260 _bFinal Year B. Arch, BNCA
_c2012
999 _c360612
_d360612